Conocimiento de Jesu-Christo considerado en sus misterios, y en las diferentes qualidades ó respectos que tiene para con Dios su padre, con este mudno visible, con los hombres en sus diversos estados, y con los bienaventurados en el cielo... (Record no. 8470)

MARC details
000 -CABECERA
campo de control de longitud fija 01146nam a2200241 a 4500
001 - NÚMERO DE CONTROL
campo de control BRCA_8819
005 - FECHA Y HORA DE LA ÚLTIMA TRANSACCIÓN
campo de control 20190320210426.0
008 - DATOS DE LONGITUD FIJA--INFORMACIÓN GENERAL
campo de control de longitud fija 260417s1790----sp-#######---#000-0#spa-#
041 ## - CÓDIGO DE LENGUA
Código de lengua del texto/banda sonora o título independiente spa
044 ## - CÓDIGO DEL PAÍS DE LA ENTIDAD EDITORA/PRODUCTORA
Código MARC del país sp
084 ## - OTRO NÚMERO DE CLASIFICACIÓN
Número de clasificación BE200
Número de documento/Ítem .A44 1790
100 1# - ENTRADA PRINCIPAL--NOMBRE DE PERSONA
Nombre de persona Aleman, Francisco Antonio
9 (RLIN) 21978
245 10 - MENCIÓN DE TÍTULO
Título Conocimiento de Jesu-Christo considerado en sus misterios, y en las diferentes qualidades ó respectos que tiene para con Dios su padre, con este mudno visible, con los hombres en sus diversos estados, y con los bienaventurados en el cielo...
Mención de responsabilidad, etc. traducida del francés por el Dr. D. Francisco Antonio Aleman, presbítero.
260 ## - PUBLICACIÓN, DISTRIBUCIÓN, ETC.
Lugar de publicación, distribución, etc. Madrid
Nombre del editor, distribuidor, etc. En la Imprenta Real
Fecha de publicación, distribución, etc. 1790
300 ## - DESCRIPCIÓN FÍSICA
Extensión II, 493 p. (t.3)
Dimensiones 15.2 x 10.3 cm
500 ## - NOTA GENERAL
Nota general Con las licencias necesarias
500 ## - NOTA GENERAL
Nota general En portada: Van añadidas algunas meditaciones sobre los votos del Bautismo, que se hallan al fin de la obra
500 ## - NOTA GENERAL
Nota general Estado físico: presenta encuadernación en pergamino con presencia del pez de plata
650 14 - PUNTO DE ACCESO ADICIONAL DE MATERIA--TÉRMINO DE MATERIA
Término de materia o nombre geográfico como elemento de entrada Oraciones
Subdivisión cronológica Obras anteriores a 1800
9 (RLIN) 21979
650 14 - PUNTO DE ACCESO ADICIONAL DE MATERIA--TÉRMINO DE MATERIA
Término de materia o nombre geográfico como elemento de entrada Meditaciones
Subdivisión cronológica Obras anteriores a 1800
9 (RLIN) 21980
902 ## - CATALOGADOR
Iniciales CFM
942 ## - ELEMENTOS DE PUNTO DE ACCESO ADICIONAL (KOHA)
Fuente del sistema de clasificación o colocación Library of Congress Classification
Tipo de ítem Koha Libros
Holdings
Estado de retiro Estado de pérdida Estado dañado No para préstamo Localización permanente Ubicación/localización actual Fecha de adquisición Total de préstamos Signatura topográfica completa Código de barras Fecha visto por última vez Precio válido a partir de Tipo de ítem Koha
El ejemplar forma parte de la colección y puede ser consultado según las políticas vigentes.       Biblioteca del Museo Franz Mayer (Rogerio Casas-Alatriste) Biblioteca del Museo Franz Mayer (Rogerio Casas-Alatriste) 26/04/2017   BE200 .A44 1790 CFM00146 22/03/2019 22/03/2019 Libros